000 00740nam a2200241Ia 4500
003 OSt
005 20221006165715.0
006 a|||||r|||| 00| 0
007 ta
008 221006b |||||||| |||| 00| 0 hin d
024 _a7,471
037 _cDissertations
040 _aFML
_cFML
_bhin
041 _2hin
_ahin
100 _aMadhulata Au.
_9680329
110 _aDelhi University. Faculty of Music and Fine Arts. Department of Music
245 0 _aUstad Amir Khan Sahab Dvara Gayee Gayi Bandishon Ka Vishleshanatmak Aadhyayan
260 _c2013
300 _a145
_ccm.
700 _aDelhi University. Faculty of Music and Fine Arts. Department of Music
942 _cDIS
_2CC
999 _c1121769
_d1121769